Massachusetts Counties - Statistics

General Stats
  • This quiz has been taken 403 times
  • The average score is 9 of 14
Answer Stats
Clue County % Correct
Contains the State Capital Suffolk
78%
Largest By Population Middlesex
76%
Largest By Area Worcester
74%
Northeasternmost Essex
71%
Only County Bordering New York Berkshire
67%
Smallest By Area Nantucket
66%
Southeasternmost on Mainland Plymouth
66%
Only County Not Touching Another State or Ocean Hampshire
64%
South of Boston Norfolk
64%
Cape Cod Barnstable
63%
Also in Rhode Island Bristol
57%
Martha's Vineyard Dukes
56%
Part of ^ County Until 1998 Hampden
52%
County Seat is Greenwich Franklin
51%
No matching quizzes found
Score Distribution
Percent of People with Each Score
Percentile by Number Answered
Your Score History
You have not taken this quiz